000 00289nam a2200121Ia 4500
005 20251222144855.0
008 251222s9999||||xx |||||||||||||| ||spa||
082 _a513.23/R93
100 _aRuiz Arango, Isidoro
245 0 _aTeoría de los Números
264 _bSan Marcos
942 _cLIB
999 _c21738
_d21738